000 00651nam a2200229Ia 4500
003 OSt
005 20220926040509.0
006 a|||||r|||| 00| 0
007 ta
008 220923b |||||||| |||| 00| 0 eng d
037 _cGeneral Book
040 _aRTL
_cRTL
_beng
041 _2eng
_aeng
082 _aX:77y7435.N6, K3
100 _aSilcock T H Ed.
_9343741
245 0 _aPolitical economy of independent Malaya
_b A case
260 _c1963
650 _aEconomics Development
700 _a Fisk E K Ed.
_9343742
942 _hX:77y7435.N6, K3
_cGB
_2CC
999 _c664972
_d664972